008150000a22002410004500003001100000005001700011008004100028040003900069041000800108082001800116110004600134245010000180260001900280300001500299490002000314500003100334650001900365650002800384700004600412942000700458952009300465999001500558LK-CoMWRAF20240315111719.0230817t1987 ||||| |||| 00| 0 eng d aLK-CoMWRAFdLK-CoMWRAFeLK-CoMWRAF aeng a348.5493bSRI a Sri Lanka, Democratic Socialist Republic a1985 supplement (unofficial) to the revised edition of the legislative enactments of Sri Lanka  aColombo:c1987 a371-384 p. avol.I vpart 18 aMunicipal & Urban councils aLAW-Sri Lanka  aCivil law and procedure aDeheragoda, E. R. K. D. M. Hector ecomp. cBK 00104070aMAINbMAINd2023-08-17l0o348.5493 SRIpRAF5176r2023-08-17w2023-08-17yBK c2780d2780